|
|
|
|
| LEADER |
01110nam a2200277 a 4500 |
| 001 |
001708708 |
| 008 |
101227s2009 enka b 000 0 eng d |
| 999 |
|
|
|c 10245
|d 10245
|
| 020 |
|
|
|a 9780500288405 (pbk.)
|
| 020 |
|
|
|a 0500288402 (pbk.)
|
| 040 |
|
|
|a UKM
|c UKM
|d YDXCP
|d STF
|d MYG
|d BD-DhAAL
|
| 082 |
0 |
4 |
|a 745.2
|2 22
|
| 100 |
1 |
|
|a Pilloton, Emily.
|9 32101
|
| 245 |
1 |
0 |
|a Design revolution :
|b 100 products that are changing people's lives /
|c Emily Pilloton, foreword by Allan Chochinov.
|
| 260 |
|
|
|a London :
|b Thames & Hudson,
|c 2009.
|
| 300 |
|
|
|a 303 p. :
|b col. ill. ;
|c 21 x 21 cm.
|
| 504 |
|
|
|a Includes bibliographical references.
|
| 526 |
|
|
|a ARC
|
| 541 |
1 |
|
|e 00021659
|
| 650 |
|
0 |
|a Industrial design.
|9 32102
|
| 650 |
|
0 |
|a New products.
|9 32103
|
| 650 |
|
0 |
|a Design
|x Moral and ethical aspects.
|9 32104
|
| 700 |
1 |
|
|a Chochinov, Allan.
|9 32105
|
| 852 |
4 |
|
|a Ayesha Abed Library
|c General Shelf.
|
| 942 |
|
|
|2 ddc
|c BK
|
| 952 |
|
|
|0 0
|1 0
|2 ddc
|4 0
|6 745_200000000000000_PIL
|7 0
|9 13692
|a BRACUL
|b BRACUL
|c GEN
|d 2010-12-30
|e Zeenat Book Supply Ltd.
|g 2463.00
|l 4
|m 11
|o 745.2 PIL
|p 3010021659
|r 2024-03-03
|s 2024-02-27
|t 1
|w 2010-12-30
|y BK
|